Living conditions monitoring survey report 2006 and 2010 (Record no. 80747)

MARC details
000 -LEADER
fixed length control field 01314nam a2200229 a 4500
008 - FIXED-LENGTH DATA ELEMENTS--GENERAL INFORMATION
fixed length control field 130430s2012 ||||||||||||||||| || u
050 ## - LIBRARY OF CONGRESS CALL NUMBER
Classification number GOV.ZAM(02)2012/3A
110 ## - MAIN ENTRY--CORPORATE NAME
Corporate name or jurisdiction name as entry element Central Statistical Office
245 10 - TITLE STATEMENT
Title Living conditions monitoring survey report 2006 and 2010
Statement of responsibility, etc. by Central Statistical Office [CSO]
260 ## - PUBLICATION, DISTRIBUTION, ETC.
Place of publication, distribution, etc. Lusaka:
Name of publisher, distributor, etc. Central Statistical Office (CSO)-Zambia
Date of publication, distribution, etc. 2012
300 ## - PHYSICAL DESCRIPTION
Extent xxxv, various pagings: ill.
362 1# -
-- <p>2006 & 2010</p>
500 ## - GENERAL NOTE
General note Bibliography
650 ## - SUBJECT ADDED ENTRY--TOPICAL TERM
Topical term or geographic name entry element STANDARD OF LIVING--ZAMBIA
650 ## - SUBJECT ADDED ENTRY--TOPICAL TERM
Topical term or geographic name entry element ZAMBIA--ECONOMIC CONDITIONS
650 ## - SUBJECT ADDED ENTRY--TOPICAL TERM
Topical term or geographic name entry element ZAMBIA--SOCIAL CONDITIONS
995 ## -
-- SPECIAL COLLECTIONS
-- 746
-- CBU-MAIN LIBRARY (Kitwe)
-- GOV.ZAM(02)2012/3B
-- 2
-- AVAILABLE
-- Jul 15, 2013
-- B746
-- Zambiana Collection
995 ## -
-- SPECIAL COLLECTIONS
-- 748
-- CBU-MAIN LIBRARY (Kitwe)
-- GOV.ZAM(02)2012/3D
-- 4
-- AVAILABLE
-- Jul 15, 2013
-- B748
-- Zambiana Collection
995 ## -
-- SPECIAL COLLECTIONS
-- 745
-- CBU-MAIN LIBRARY (Kitwe)
-- GOV.ZAM(02)2012/3A
-- 1
-- AVAILABLE
-- Jul 15, 2013
-- B745
-- Zambiana Collection
995 ## -
-- SPECIAL COLLECTIONS
-- 749
-- CBU-MAIN LIBRARY (Kitwe)
-- GOV.ZAM(02)2012/3E
-- 5
-- AVAILABLE
-- Jul 15, 2013
-- B749
-- Zambiana Collection
995 ## -
-- SPECIAL COLLECTIONS
-- 747
-- CBU-MAIN LIBRARY (Kitwe)
-- GOV.ZAM(02)2012/3C
-- 3
-- AVAILABLE
-- Jul 15, 2013
-- B747
-- Zambiana Collection
999 ## -
-- 80747
-- 80747

No items available.